[Event "Titled Tuesday intern op 11th Feb Early"]
[Site "Chess.com INT"]
[Date "2025.02.11"]
[Round "2"]
[White "Daskevics, Vadims"]
[Black "Borge, Nikolaj"]
[Result "0-1"]
[WhiteElo "2445"]
[BlackElo "2364"]
[PlyCount "58"]
[EventDate "2025.02.11"]
[EventType "swiss (blitz)"]
[EventRounds "11"]
[EventCountry "USA"]
[SourceTitle "CB08_2025"]
[SourceDate "2025.02.19"]
[SourceVersion "1"]
[SourceVersionDate "2025.02.19"]
[SourceQuality "1"]

1. e4 c5 2. Nf3 e6 3. c3 d5 4. e5 d4 5. Bd3 Bd7 6. Be4 Bc6 7. d3 Ne7 8. Bf4 Bxe4 9. dxe4 Nbc6 10. 0-0 Ng6 11. Bg3 h5 12. h4 Be7 13. cxd4 cxd4 14. Qb3 Rb8 15. Rd1 Nxh4 16. Bxh4 Bxh4 17. Nxd4 Qc7 18. Nc3 Qxe5 19. Qa4 0-0 20. g3 Bxg3 21. fxg3 Qxg3+ 22. Kf1 Ne5 23. Qc2 Rbd8 24. Qf2 Qh3+ 25. Qg2 Qh4 26. Nce2 Ng4 27. Kg1 Ne3 28. Qf3 Nxd1 29. Rxd1 e5 0-1

[Event "Titled Tuesday intern op 11th Feb Early"]
[Site "Chess.com INT"]
[Date "2025.02.11"]
[Round "11"]
[White "Novikov, Evgenij"]
[Black "Daskevics, Vadims"]
[Result "1-0"]
[WhiteElo "2276"]
[BlackElo "2445"]
[PlyCount "49"]
[EventDate "2025.02.11"]
[EventType "swiss (blitz)"]
[EventRounds "11"]
[EventCountry "USA"]
[SourceTitle "CB09_2025"]
[SourceDate "2025.02.27"]
[SourceVersion "1"]
[SourceVersionDate "2025.02.27"]
[SourceQuality "1"]

1. d4 Nf6 2. c4 e6 3. Nc3 Bb4 4. Qc2 c5 5. dxc5 Bxc5 6. Nf3 Nc6 7. e3 0-0 8. a3 d5 9. b4 Be7 10. Bb2 dxc4 11. Bxc4 b6 12. Rd1 Qe8 13. g4 Bb7 14. g5 Nh5 15. Bd3 g6 16. Ne4 f6 17. gxf6 Nxf6 18. Rg1 Rc8 19. Nxf6+ Bxf6 20. Bxg6 hxg6 21. Rxg6+ Kf7 22. Rxf6+ Ke7 23. Qh7+ Rf7 24. Rxf7+ Qxf7 25. Rd7+ 1-0

[Event "Titled Tuesday intern op 11th Feb Early"]
[Site "Chess.com INT"]
[Date "2025.02.11"]
[Round "1"]
[White "Szustakowski, Antoni"]
[Black "Daskevics, Vadims"]
[Result "1-0"]
[WhiteElo "2364"]
[BlackElo "2445"]
[PlyCount "81"]
[EventDate "2025.02.11"]
[EventType "swiss (blitz)"]
[EventRounds "11"]
[EventCountry "USA"]
[SourceTitle "CB09_2025"]
[SourceDate "2025.02.27"]
[SourceVersion "1"]
[SourceVersionDate "2025.02.27"]
[SourceQuality "1"]

1. e4 c5 2. Nf3 d6 3. d4 cxd4 4. Nxd4 Nf6 5. Nc3 a6 6. h3 e5 7. Nde2 h5 8. Bg5 Nbd7 9. Nd5 Be7 10. Nxe7 Kxe7 11. Nc3 Qa5 12. Qd2 Ke8 13. Qxd6 Qc5 14. Qd2 b5 15. Be3 Qe7 16. f3 Bb7 17. 0-0-0 Kf8 18. Qf2 Kg8 19. Bg5 Rc8 20. Kb1 Qb4 21. a3 Qa5 22. Bd2 Qc7 23. Bd3 Kh7 24. g4 Rhd8 25. Qh4 g6 26. Bg5 Qb6 27. gxh5 Nxh5 28. Bxd8 Rxd8 29. Ne2 Nc5 30. Ng3 Qf6 31. Qxf6 Nxf6 32. Be2 Rc8 33. h4 Ne6 34. h5 Nf4 35. Rd6 N6xh5 36. Nxh5 Nxh5 37. Rd7 Ba8 38. Rxf7+ Kg8 39. Ra7 Ng3 40. Re1 Rd8 41. Bd3 1-0

[Event "Titled Tuesday intern op 28th Jan Early"]
[Site "Chess.com INT"]
[Date "2025.01.28"]
[Round "7"]
[White "Boci, Mateo"]
[Black "Daskevics, Vadims"]
[Result "1-0"]
[WhiteElo "2312"]
[BlackElo "2445"]
[PlyCount "61"]
[EventDate "2025.01.28"]
[EventType "swiss (blitz)"]
[EventRounds "11"]
[EventCountry "USA"]
[SourceTitle "CB06_2025"]
[SourceDate "2025.02.05"]
[SourceVersion "1"]
[SourceVersionDate "2025.02.05"]
[SourceQuality "1"]

1. e4 c5 2. Nf3 d6 3. d4 cxd4 4. Nxd4 Nf6 5. f3 e5 6. Nb3 Be6 7. c4 Nbd7 8. Nc3 Rc8 9. Be3 Bxc4 10. Bxc4 Rxc4 11. Bxa7 b6 12. 0-0 Qa8 13. Nb5 Be7 14. Qd3 Rc8 15. a4 0-0 16. Rfc1 Nc5 17. Nxc5 Rxc5 18. Rxc5 bxc5 19. a5 d5 20. exd5 Nxd5 21. Rd1 Nc7 22. Nxc7 Qxa7 23. Qd7 Bd8 24. Qxd8 Qxa5 25. Qe7 h6 26. h3 Qb4 27. Rd8 Qe1+ 28. Kh2 Rxd8 29. Qxd8+ Kh7 30. Qd3+ g6 31. Qe4 1-0

[Event "Titled Tuesday intern op 28th Jan Early"]
[Site "Chess.com INT"]
[Date "2025.01.28"]
[Round "10"]
[White "Daskevics, Vadims"]
[Black "Miserendino, Alfredo"]
[Result "1-0"]
[WhiteElo "2445"]
[BlackElo "2032"]
[PlyCount "47"]
[EventDate "2025.01.28"]
[EventType "swiss (blitz)"]
[EventRounds "11"]
[EventCountry "USA"]
[SourceTitle "CB06_2025"]
[SourceDate "2025.02.05"]
[SourceVersion "1"]
[SourceVersionDate "2025.02.05"]
[SourceQuality "1"]

1. e4 c5 2. Nf3 e6 3. c3 Nf6 4. e5 Nd5 5. d4 cxd4 6. cxd4 d6 7. Bc4 Nc6 8. 0-0 Qc7 9. exd6 Bxd6 10. h3 Nce7 11. Bb3 0-0 12. Be3 b6 13. Nbd2 Rd8 14. Rc1 Qb8 15. Bc2 Ba6 16. Bxh7+ Kxh7 17. Ng5+ Kg8 18. Qh5 Bd3 19. Qxf7+ Kh8 20. Qh5+ Kg8 21. Qf7+ Kh8 22. Nxe6 Rg8 23. Qh5+ Bh7 24. Ng5 1-0

[Event "Titled Tuesday intern op 14th Jan Early"]
[Site "Chess.com INT"]
[Date "2025.01.14"]
[Round "5"]
[White "Daskevics, Vadims"]
[Black "Hertlein, Irena"]
[Result "0-1"]
[WhiteElo "2445"]
[BlackElo "1982"]
[PlyCount "142"]
[EventDate "2025.01.14"]
[EventType "swiss (blitz)"]
[EventRounds "11"]
[EventCountry "USA"]
[SourceTitle "CB04_2025"]
[SourceDate "2025.01.22"]
[SourceVersion "1"]
[SourceVersionDate "2025.01.22"]
[SourceQuality "1"]

1. e4 c5 2. Nf3 d6 3. d4 cxd4 4. Nxd4 Nf6 5. Nc3 Nc6 6. Bg5 Bd7 7. Qd2 Rc8 8. 0-0-0 Nxd4 9. Qxd4 Qa5 10. Bd2 Qc5 11. Qxc5 dxc5 12. f3 e6 13. Bc4 Bc6 14. Bf4 Be7 15. Rd2 0-0 16. Rhd1 Rfd8 17. Rxd8+ Rxd8 18. Rxd8+ Bxd8 19. Bg5 h6 20. Bh4 a6 21. a4 Ba5 22. Be1 Bxc3 23. Bxc3 Bxa4 24. Bxf6 gxf6 25. Kd2 Kf8 26. c3 Ke7 27. Ke3 Bb5 28. Bxb5 axb5 29. b4 b6 30. f4 f5 31. exf5 exf5 32. h3 Ke6 33. Kd2 Kd5 34. Kd3 Kd6 35. Ke3 Ke6 36. Ke2 Kd5 37. Kd3 f6 38. g4 fxg4 39. hxg4 Kd6 40. Ke4 Ke6 41. f5+ Kd6 42. Kf4 Kd5 43. Kg3 Kc4 44. Kh4 Kxc3 45. bxc5 bxc5 46. Kh5 b4 47. Kxh6 b3 48. g5 b2 49. g6 b1Q 50. g7 Qxf5 51. g8Q Qg5+ 52. Qxg5 fxg5 53. Kxg5 Kd3 54. Kf4 c4 55. Kf3 c3 56. Kf2 Kd2 57. Kf3 c2 58. Kg4 c1Q 59. Kf5 Qe1 60. Kg5 Qe3+ 61. Kg6 Kd3 62. Kf5 Qe4+ 63. Kf6 Kd4 64. Kg7 Qe5+ 65. Kf7 Kd5 66. Kg8 Qc7 67. Kf8 Ke6 68. Kg8 Kf6 69. Kf8 Qd7 70. Kg8 Kg6 71. Kh8 Qe8# 0-1

[Event "Titled Tuesday intern op 14th Jan Early"]
[Site "Chess.com INT"]
[Date "2025.01.14"]
[Round "4"]
[White "Daskevics, Vadims"]
[Black "Hoghmrtsyan, Artur"]
[Result "0-1"]
[WhiteElo "2445"]
[BlackElo "2271"]
[PlyCount "200"]
[EventDate "2025.01.14"]
[EventType "swiss (blitz)"]
[EventRounds "11"]
[EventCountry "USA"]
[SourceTitle "CB04_2025"]
[SourceDate "2025.01.22"]
[SourceVersion "1"]
[SourceVersionDate "2025.01.22"]
[SourceQuality "1"]

1. e4 e5 2. Nf3 Nc6 3. Bc4 Bc5 4. d3 Nf6 5. Nc3 h6 6. 0-0 0-0 7. h3 a6 8. Be3 Be7 9. a4 d6 10. Nd2 Be6 11. f4 exf4 12. Bxf4 d5 13. exd5 Nxd5 14. Nxd5 Bxd5 15. Bxd5 Qxd5 16. Qf3 Qxf3 17. Nxf3 Nb4 18. Rf2 Nd5 19. Bd2 Bf6 20. d4 Rad8 21. c3 Rfe8 22. Kf1 Nb6 23. b3 Nd5 24. Re1 Rxe1+ 25. Kxe1 b5 26. axb5 axb5 27. Ke2 Kh7 28. Kd3 c5 29. c4 Nb6 30. Be3 bxc4+ 31. bxc4 Na4 32. Ra2 Ra8 33. Rc2 Rb8 34. dxc5 Rb3+ 35. Ke2 Nc3+ 36. Kf1 Ne4 37. Bf2 Rb1+ 38. Ke2 Nc3+ 39. Kd3 Rb3 40. Nd2 Ra3 41. c6 Be5 42. Bd4 Nb1+ 43. Ke4 Nxd2+ 44. Rxd2 Bc7 45. Rf2 f6 46. Bxf6 gxf6 47. Rxf6 Kg7 48. Re6 Kf7 49. Rxh6 Ke7 50. Kd5 Rd3+ 51. Kc5 Bd6+ 52. Kb6 Rb3+ 53. Ka5 Bc7+ 54. Ka4 Rb1 55. g4 Bf4 56. Rh7+ Kd8 57. Rd7+ Kc8 58. Rd3 Bc7 59. Rb3 Rc1 60. Kb4 Rg1 61. Kb5 Rg2 62. c5 Be5 63. Kb6 Bd4 64. Rb4 Be3 65. Rb5 Rc2 66. c7 Rf2 67. Kc6 Rf6+ 68. Kd5 Kxc7 69. Ra5 Rf3 70. Ra7+ Kc8 71. Kc6 Rf6+ 72. Kb5 Rh6 73. Rg7 Rxh3 74. Rg6 Rg3 75. Kc6 Kd8 76. Rg8+ Ke7 77. Kb6 Rg1 78. Kc6 Rc1 79. Rg7+ Kf6 80. Rg8 Rxc5+ 81. Kd6 Rc1 82. Rf8+ Kg5 83. Rg8+ Kf4 84. Ke6 Rc6+ 85. Kd5 Ra6 86. g5 Kf5 87. Kc4 Bxg5 88. Kd3 Bf6 89. Ke2 Ra3 90. Re8 Be5 91. Re7 Ke4 92. Re8 Ra2+ 93. Kd1 Kd4 94. Rd8+ Kc4 95. Rd7 Bd4 96. Ke1 Rg2 97. Rf7 Kd3 98. Rf3+ Be3 99. Rf1 Re2+ 100. Kd1 Rc2 0-1

[Event "Titled Tuesday intern op 14th Jan Early"]
[Site "Chess.com INT"]
[Date "2025.01.14"]
[Round "8"]
[White "Daskevics, Vadims"]
[Black "Juhasz, Judit"]
[Result "1-0"]
[WhiteElo "2445"]
[BlackElo "2015"]
[PlyCount "137"]
[EventDate "2025.01.14"]
[EventType "swiss (blitz)"]
[EventRounds "11"]
[EventCountry "USA"]
[SourceTitle "CB04_2025"]
[SourceDate "2025.01.22"]
[SourceVersion "1"]
[SourceVersionDate "2025.01.22"]
[SourceQuality "1"]

1. e4 c5 2. Nf3 Nc6 3. Bb5 g6 4. 0-0 Bg7 5. Re1 e5 6. b4 cxb4 7. a3 Nge7 8. axb4 0-0 9. Bxc6 bxc6 10. d3 Qc7 11. c4 d5 12. Nc3 d4 13. Na4 Bg4 14. h3 Be6 15. Nc5 h6 16. Ra5 Bd7 17. Bd2 f5 18. Qa4 fxe4 19. Rxe4 Bxh3 20. Re1 Bg4 21. Nh2 Bd7 22. Ra1 Nc8 23. Nf3 Bg4 24. Nh2 Bf5 25. Nf1 Nb6 26. Qa2 Rf7 27. Ng3 Bg4 28. Nge4 Bf8 29. f3 Bf5 30. Be1 g5 31. Bg3 Bxe4 32. fxe4 Bxc5 33. Rxc5 Nd7 34. Ra5 c5 35. Rxa7 Rxa7 36. Qxa7 Qxa7 37. Rxa7 cxb4 38. Rb7 Nc5 39. Rxb4 Nxd3 40. Rb5 Rc7 41. Bxe5 Rxc4 42. Rd5 Rc1+ 43. Kh2 Nxe5 44. Rxe5 d3 45. Rd5 Rd1 46. Rd6 Kg7 47. e5 d2 48. g4 Kf7 49. Kg2 Ke7 50. Kh2 Kf7 51. Kg2 Ke7 52. Kf2 Kf7 53. Ke2 Rh1 54. Kxd2 Rg1 55. Rxh6 Rxg4 56. Ke3 Rg1 57. Ke4 Re1+ 58. Kf5 g4 59. Rh7+ Kg8 60. Rh4 Rf1+ 61. Ke6 Rg1 62. Ke7 Kg7 63. e6 g3 64. Rg4+ Kh6 65. Kf7 g2 66. Ke7 Re1 67. Rxg2 Kh7 68. Kf7 Kh8 69. Rh2# 1-0

[Event "Titled Tuesday intern op 10th Sep Early"]
[Site "Chess,com INT"]
[Date "2024.09.10"]
[Round "4"]
[White "Daskevics, Vadims"]
[Black "Gurevich, Dmitry"]
[Result "0-1"]
[WhiteElo "2445"]
[BlackElo "2352"]
[PlyCount "38"]
[EventDate "2024.09.10"]
[EventType "swiss (blitz)"]
[EventRounds "11"]
[EventCountry "USA"]
[SourceTitle "EXT 2025"]
[Source "ChessBase"]
[SourceDate "2024.10.14"]
[SourceVersion "1"]
[SourceVersionDate "2024.10.14"]
[SourceQuality "1"]

1. e4 c5 2. Nf3 d6 3. d4 cxd4 4. Nxd4 Nf6 5. Nc3 Nc6 6. Bg5 g6 7. Bxf6 exf6 8. Nxc6 bxc6 9. Bc4 Bg7 10. 0-0 0-0 11. Bb3 f5 12. Qd3 fxe4 13. Qxe4 d5 14. Qf3 a5 15. Ba4 Qb6 16. Rab1 Bf5 17. Rfe1 Rab8 18. a3 Qc5 19. Bxc6 Bxc3 0-1

[Event "Titled Tuesday intern op 06th Aug Early"]
[Site "Chess.com INT"]
[Date "2024.08.06"]
[Round "4"]
[White "Daskevics, Vadims"]
[Black "Belov, Alexei"]
[Result "0-1"]
[WhiteElo "2445"]
[BlackElo "2421"]
[PlyCount "162"]
[EventDate "2024.08.06"]
[EventType "swiss (blitz)"]
[EventRounds "11"]
[EventCountry "USA"]
[SourceTitle "EXT 2025"]
[Source "ChessBase"]
[SourceDate "2024.10.14"]
[SourceVersion "1"]
[SourceVersionDate "2024.10.14"]
[SourceQuality "1"]

1. e4 e6 2. d4 d5 3. e5 c5 4. c3 Qb6 5. Nf3 Nc6 6. a3 Bd7 7. b4 cxd4 8. cxd4 Rc8 9. Be3 Nh6 10. Bd3 g6 11. 0-0 Ne7 12. Nbd2 Nhf5 13. Nb3 Ba4 14. Bc2 Nxe3 15. fxe3 Bh6 16. Re1 Rc3 17. Qd2 Rxb3 18. Qd1 Rxe3 19. Bxa4+ Nc6 20. Bxc6+ bxc6 21. Rxe3 Bxe3+ 22. Kh1 0-0 23. Qd3 Bh6 24. Qc3 Ra8 25. Rb1 a5 26. Qc5 Ra6 27. h4 Bf8 28. Qc3 axb4 29. axb4 Qb5 30. Kh2 Ra2 31. Rc1 Qe2 32. Ne1 Bh6 33. Rc2 Bf4+ 34. Kh3 Rxc2 35. Nxc2 h5 36. g3 Qf1+ 37. Kh2 Qf2+ 38. Kh3 Bxg3 39. Qxg3 Qxc2 40. Qg5 Qc3+ 41. Kh2 Qxb4 42. Qd8+ Qf8 43. Qd7 Qa8 44. Qe7 Qa2+ 45. Kg3 Qb3+ 46. Kf4 Qh3 47. Qd8+ Kh7 48. Qe7 Qf5+ 49. Ke3 Kg7 50. Kd2 Qf4+ 51. Kd3 Qe4+ 52. Kc3 Qf5 53. Qd8 g5 54. hxg5 h4 55. g6 Qf3+ 56. Kb4 Qg4 57. gxf7 Kxf7 58. Qf6+ Kg8 59. Qd8+ Kh7 60. Qe7+ Kh6 61. Qf6+ Kh5 62. Qf7+ Kg5 63. Qg7+ Kf4 64. Qh6+ Kg3 65. Qe3+ Qf3 66. Qg1+ Kf4 67. Qg6 Ke3 68. Qh6+ Qf4 69. Qh8 Qxd4+ 70. Kb3 Qf4 71. Kc2 Qf2+ 72. Kc3 Qf4 73. Qg7 Ke4 74. Qh8 Qxe5+ 75. Kd2 Qxh8 76. Ke2 h3 77. Kf2 h2 78. Ke2 h1Q 79. Kd2 Qf3 80. Kc2 Qh2+ 81. Kc1 Qf1# 0-1

[Event "Titled Tuesday intern op 30th Jul Early"]
[Site "Chess.com INT"]
[Date "2024.07.30"]
[Round "4"]
[White "Abdukhakimov, Akbarali"]
[Black "Daskevics, Vadims"]
[Result "1-0"]
[WhiteElo "2271"]
[BlackElo "2445"]
[PlyCount "53"]
[EventDate "2024.07.30"]
[EventType "swiss (blitz)"]
[EventRounds "11"]
[EventCountry "USA"]
[SourceTitle "EXT 2025"]
[Source "ChessBase"]
[SourceDate "2024.10.14"]
[SourceVersion "1"]
[SourceVersionDate "2024.10.14"]
[SourceQuality "1"]

1. d4 Nf6 2. c4 g6 3. Nc3 d5 4. cxd5 Nxd5 5. e4 Nxc3 6. bxc3 Bg7 7. Be3 c5 8. Qd2 cxd4 9. cxd4 Nc6 10. Nf3 Bg4 11. Rd1 Qa5 12. Be2 Rd8 13. Qxa5 Nxa5 14. 0-0 0-0 15. d5 e6 16. Bxa7 exd5 17. Bb6 Ra8 18. exd5 Bxf3 19. gxf3 Bf6 20. Bb5 Bd8 21. Bc5 b6 22. Bxf8 Kxf8 23. Rfe1 Nb7 24. Re8+ Kg7 25. Bc6 Nd6 26. Bxa8 Nxe8 27. d6 1-0

[Event "Titled Tuesday intern op 30th Jul Early"]
[Site "Chess.com INT"]
[Date "2024.07.30"]
[Round "1"]
[White "Weetik, Vjacheslav"]
[Black "Daskevics, Vadims"]
[Result "1-0"]
[WhiteElo "2423"]
[BlackElo "2445"]
[PlyCount "49"]
[EventDate "2024.07.30"]
[EventType "swiss (blitz)"]
[EventRounds "11"]
[EventCountry "USA"]
[SourceTitle "EXT 2025"]
[Source "ChessBase"]
[SourceDate "2024.10.14"]
[SourceVersion "1"]
[SourceVersionDate "2024.10.14"]
[SourceQuality "1"]

1. d4 Nf6 2. Nf3 g6 3. Bg5 Bg7 4. Nbd2 d5 5. e3 0-0 6. Be2 c5 7. c3 h6 8. Bh4 Nc6 9. 0-0 b6 10. Ne5 Bb7 11. f4 Nd7 12. Ndf3 Ndxe5 13. fxe5 Qd7 14. Bd3 g5 15. Nxg5 hxg5 16. Qh5 f5 17. exf6 Rxf6 18. Qh7+ Kf7 19. Bg6+ Kf8 20. Bxg5 Qe6 21. Rxf6+ exf6 22. Rf1 Ne7 23. Rxf6+ Bxf6 24. Bh6+ Bg7 25. Qxg7# 1-0

[Event "Titled Tuesday intern op 16th Jul Early"]
[Site "Chess.com INT"]
[Date "2024.07.16"]
[Round "11"]
[White "Daskevics, Vadims"]
[Black "Looi, Xin Hao"]
[Result "0-1"]
[WhiteElo "2445"]
[BlackElo "2064"]
[PlyCount "66"]
[EventDate "2024.07.16"]
[EventType "swiss (blitz)"]
[EventRounds "11"]
[EventCountry "USA"]
[SourceTitle "EXT 2025"]
[Source "ChessBase"]
[SourceDate "2024.10.14"]
[SourceVersion "1"]
[SourceVersionDate "2024.10.14"]
[SourceQuality "1"]

1. e4 e5 2. Nf3 Nc6 3. Bc4 Bc5 4. c3 Qe7 5. 0-0 Nf6 6. d4 Bb6 7. Bg5 d6 8. Bb5 0-0 9. Bxc6 bxc6 10. dxe5 dxe5 11. Qa4 h6 12. Bh4 Qe6 13. Nbd2 a5 14. Rfe1 Ba6 15. Qb3 Rfe8 16. Qxe6 Rxe6 17. Bxf6 gxf6 18. Nh4 Rd8 19. Rad1 Red6 20. Nhf3 a4 21. g4 Bc4 22. Kg2 Bxa2 23. Ra1 Be6 24. Nf1 Bxg4 25. Nh4 Rd1 26. Rexd1 Bxd1 27. Nf5 Bc2 28. f3 Kh7 29. Rc1 Rg8+ 30. N1g3 Bb3 31. Re1 Rd8 32. Re2 Rd3 33. Ne7 Bd1 0-1

[Event "Titled Tuesday intern op 16th Jul Early"]
[Site "Chess.com INT"]
[Date "2024.07.16"]
[Round "9"]
[White "Daskevics, Vadims"]
[Black "Nithyalakshmi, Sivanesan"]
[Result "1-0"]
[WhiteElo "2445"]
[BlackElo "1912"]
[PlyCount "89"]
[EventDate "2024.07.16"]
[EventType "swiss (blitz)"]
[EventRounds "11"]
[EventCountry "USA"]
[SourceTitle "EXT 2025"]
[Source "ChessBase"]
[SourceDate "2024.10.14"]
[SourceVersion "1"]
[SourceVersionDate "2024.10.14"]
[SourceQuality "1"]

1. e4 e5 2. Nf3 Nc6 3. Bc4 Be7 4. 0-0 d6 5. d4 Nf6 6. Nc3 Bg4 7. dxe5 Bxf3 8. Qxf3 Nxe5 9. Qe2 Nxc4 10. Qxc4 0-0 11. Bg5 c6 12. Rad1 Qc7 13. Rfe1 Rac8 14. Bf4 Rfd8 15. h3 b5 16. Qb3 a5 17. a4 b4 18. Nb1 c5 19. Nd2 c4 20. Qg3 Nh5 21. Qg4 Nxf4 22. Qxf4 Bf6 23. b3 cxb3 24. cxb3 Be5 25. Qe3 Qc2 26. Nc4 f6 27. Rd2 Qc3 28. Rd3 Qc2 29. Rc1 Rxc4 30. Rxc2 Rxc2 31. f4 Bc3 32. Qb6 Re8 33. Rxd6 Rxe4 34. Rd8+ Kf7 35. Qb7+ Re7 36. Rd7 Rce2 37. Rxe7+ Rxe7 38. Qd5+ Kg6 39. Qxa5 Re1+ 40. Kh2 h6 41. Qb5 Ra1 42. a5 Kh7 43. a6 Bd4 44. Qd3+ Kg8 45. Qxd4 1-0

[Event "Titled Tuesday intern op 16th Jul Early"]
[Site "Chess.com INT"]
[Date "2024.07.16"]
[Round "2"]
[White "Daskevics, Vadims"]
[Black "Povshednyi, Ivan"]
[Result "1-0"]
[WhiteElo "2445"]
[BlackElo "2242"]
[PlyCount "133"]
[EventDate "2024.07.16"]
[EventType "swiss (blitz)"]
[EventRounds "11"]
[EventCountry "USA"]
[SourceTitle "EXT 2025"]
[Source "ChessBase"]
[SourceDate "2024.10.14"]
[SourceVersion "1"]
[SourceVersionDate "2024.10.14"]
[SourceQuality "1"]

1. e4 c6 2. d4 d5 3. e5 Bf5 4. Nf3 e6 5. Be2 Ne7 6. Nbd2 Ng6 7. 0-0 Nd7 8. c3 Nf4 9. Nb3 Nxe2+ 10. Qxe2 Be7 11. Ne1 Bg6 12. Nd3 Qc7 13. Be3 0-0 14. a4 b6 15. a5 c5 16. Nf4 c4 17. Nc1 b5 18. Nxg6 hxg6 19. Qd2 Rfb8 20. Ne2 b4 21. Rfb1 Rb5 22. a6 Rab8 23. Qc1 Qb6 24. cxb4 Rxb4 25. Ra2 Qc6 26. Nc3 Rb3 27. Qd2 R8b6 28. Rba1 Bb4 29. Qc1 Bxc3 30. bxc3 Qb5 31. h4 Rb1 32. Rxb1 Qxb1 33. Ra1 Qxc1+ 34. Bxc1 Nb8 35. Kf1 Rxa6 36. Rxa6 Nxa6 37. Ba3 Nc7 38. Bb4 f6 39. f4 fxe5 40. fxe5 g5 41. h5 g4 42. Kf2 Kh7 43. Kg3 g6 44. Kxg4 Kg7 45. Kg5 gxh5 46. Kxh5 Na8 47. g4 Nb6 48. g5 Nc8 49. g6 Kg8 50. Kh6 Nb6 51. g7 Nc8 52. Kg6 Nb6 53. Kf6 Nd7+ 54. Kxe6 Nb6 55. Kf6 Nd7+ 56. Ke7 Nb6 57. Kd6 Kxg7 58. e6 Kf6 59. e7 Nc8+ 60. Kd7 Nxe7 61. Bxe7+ Kf5 62. Bb4 Ke4 63. Kd6 a6 64. Ba5 Ke3 65. Kxd5 Kd3 66. Kc5 Kc2 67. Kxc4 1-0

[Event "Titled Tuesday intern op 16th Jul Early"]
[Site "Chess.com INT"]
[Date "2024.07.16"]
[Round "3"]
[White "Raczek, Krzysztof"]
[Black "Daskevics, Vadims"]
[Result "1-0"]
[WhiteElo "2344"]
[BlackElo "2445"]
[PlyCount "45"]
[EventDate "2024.07.16"]
[EventType "swiss (blitz)"]
[EventRounds "11"]
[EventCountry "USA"]
[SourceTitle "EXT 2025"]
[Source "ChessBase"]
[SourceDate "2024.10.14"]
[SourceVersion "1"]
[SourceVersionDate "2024.10.14"]
[SourceQuality "1"]

1. e4 c5 2. Be2 Nc6 3. f4 d6 4. Nf3 e5 5. 0-0 g6 6. d3 Bg7 7. c3 Nge7 8. Qe1 0-0 9. Qh4 f5 10. fxe5 Nxe5 11. Bg5 N5c6 12. Nbd2 Be6 13. Bh6 Bf6 14. Ng5 Bxg5 15. Bxg5 Rf7 16. exf5 Bxf5 17. Ne4 Bxe4 18. Rxf7 Kxf7 19. Qxh7+ Ke6 20. dxe4 Qh8 21. Bg4+ Ke5 22. Qf7 Qg8 23. Qf4# 1-0

[Event "Titled Tuesday intern op 16th Jul Early"]
[Site "Chess.com INT"]
[Date "2024.07.16"]
[Round "10"]
[White "Sava, Christiansen"]
[Black "Daskevics, Vadims"]
[Result "1-0"]
[WhiteElo "2002"]
[BlackElo "2445"]
[PlyCount "133"]
[EventDate "2024.07.16"]
[EventType "swiss (blitz)"]
[EventRounds "11"]
[EventCountry "USA"]
[SourceTitle "EXT 2025"]
[Source "ChessBase"]
[SourceDate "2024.10.14"]
[SourceVersion "1"]
[SourceVersionDate "2024.10.14"]
[SourceQuality "1"]

1. d4 Nf6 2. c4 g6 3. f3 d5 4. cxd5 Nxd5 5. e4 Nb6 6. Nc3 Bg7 7. Be3 0-0 8. Qd2 e5 9. dxe5 Bxe5 10. Qxd8 Rxd8 11. f4 Bg7 12. Nf3 Nc6 13. e5 Bg4 14. Be2 Ne7 15. h3 Bxf3 16. Bxf3 Nbd5 17. Nxd5 Nxd5 18. Bxd5 Rxd5 19. Rd1 Rxd1+ 20. Kxd1 f6 21. exf6 Bxf6 22. Kc2 Re8 23. Bd2 Re2 24. g4 Bxb2 25. Rb1 Bd4 26. Rxb7 Be3 27. Kd3 Rxd2+ 28. Kxe3 Rxa2 29. Rxc7 Ra3+ 30. Ke4 h5 31. gxh5 gxh5 32. h4 Ra5 33. f5 Kf8 34. Kf4 Kg8 35. Kg5 Ra6 36. Kxh5 Rf6 37. Kg5 Rf7 38. Rc8+ Rf8 39. Rxf8+ Kxf8 40. h5 a5 41. Kf4 a4 42. h6 a3 43. f6 a2 44. h7 a1Q 45. h8Q+ Kf7 46. Qg7+ Ke6 47. Qe7+ Kd5 48. Qe4+ Kd6 49. Qe7+ Kd5 50. Qd7+ Kc5 51. f7 Qf1+ 52. Kg5 Qg2+ 53. Kf6 Qb2+ 54. Ke7 Qe5+ 55. Kd8 Qh8+ 56. Qe8 Qd4+ 57. Kc8 Qg4+ 58. Qd7 Qf3 59. Qe7+ Kb6 60. Qd6+ Kb5 61. f8Q Qa8+ 62. Kd7 Qb7+ 63. Ke6 Qe4+ 64. Qe5+ Kb6 65. Qxe4 Kc7 66. Qd6+ Kc8 67. Qa8# 1-0

[Event "Titled Tuesday intern op 09th Jul Early"]
[Site "Chess.com INT"]
[Date "2024.07.09"]
[Round "11"]
[White "Daskevics, Vadims"]
[Black "Injac, Teodora"]
[Result "0-1"]
[WhiteElo "2445"]
[BlackElo "2411"]
[PlyCount "62"]
[EventDate "2024.07.09"]
[EventType "swiss (blitz)"]
[EventRounds "11"]
[EventCountry "USA"]
[SourceTitle "EXT 2025"]
[Source "ChessBase"]
[SourceDate "2024.10.14"]
[SourceVersion "1"]
[SourceVersionDate "2024.10.14"]
[SourceQuality "1"]

1. e4 e5 2. Nf3 Nc6 3. Bc4 Bc5 4. c3 Nf6 5. d4 exd4 6. e5 d5 7. Bb5 Ne4 8. cxd4 Bb6 9. Be3 0-0 10. Nc3 Bg4 11. h3 Bh5 12. Qc2 Nxc3 13. bxc3 f6 14. exf6 Qxf6 15. Be2 Rae8 16. 0-0 Bg6 17. Bd3 Bxd3 18. Qxd3 Qf5 19. Qxf5 Rxf5 20. Rae1 h6 21. Bd2 Rff8 22. h4 Na5 23. Ne5 Nc4 24. Nxc4 dxc4 25. f4 Kf7 26. Re5 c6 27. Rfe1 Rxe5 28. fxe5 Ke6 29. g3 Rf3 30. Kg2 Rd3 31. Re2 Ba5 0-1

[Event "Titled Tuesday intern op 09th Jul Late"]
[Site "Chess.com INT"]
[Date "2024.07.09"]
[Round "7"]
[White "Daskevics, Vadims"]
[Black "Montano Vicente, Guadalupe"]
[Result "1-0"]
[WhiteElo "2445"]
[BlackElo "1991"]
[PlyCount "113"]
[EventDate "2024.07.09"]
[EventType "swiss (blitz)"]
[EventRounds "11"]
[EventCountry "USA"]
[SourceTitle "EXT 2025"]
[Source "ChessBase"]
[SourceDate "2024.10.14"]
[SourceVersion "1"]
[SourceVersionDate "2024.10.14"]
[SourceQuality "1"]

1. e4 c5 2. Nf3 d6 3. d4 cxd4 4. Qxd4 a6 5. h3 Nc6 6. Qe3 g6 7. Be2 Bg7 8. 0-0 Nf6 9. c4 0-0 10. Nc3 b6 11. Rb1 Bb7 12. b3 Rc8 13. Bb2 Nd7 14. Rfd1 Re8 15. Ba1 a5 16. Rbc1 Nc5 17. Nd5 Bxa1 18. Rxa1 Nb4 19. Nxb4 axb4 20. Nd4 Bxe4 21. Qd2 Na6 22. Nb5 Qd7 23. Qd4 Qb7 24. f3 Bc6 25. h4 Nc7 26. Nxc7 Qxc7 27. Qd2 Bb7 28. Qxb4 Qc5+ 29. Qxc5 bxc5 30. a4 Ba6 31. a5 Rb8 32. Rdb1 Rb4 33. Bd1 Reb8 34. Rc1 Kg7 35. Bc2 Kf6 36. Re1 e6 37. Rad1 Ke7 38. h5 Bc8 39. Kf2 Ra8 40. Ra1 Ra6 41. f4 Kf6 42. g4 h6 43. hxg6 fxg6 44. Rh1 Kg7 45. g5 h5 46. Rhe1 Kf7 47. Re2 Bd7 48. Rd1 Bc8 49. Red2 Rxa5 50. Rxd6 Ra2 51. R1d2 Rb8 52. Bxg6+ Kxg6 53. Rxa2 Kf5 54. Rd8 Kxf4 55. g6 Kf5 56. g7 Kf6 57. g8Q 1-0